ՀՀ Գիտությունների ազգային ակադեմիայի հիմնարար գիտական գրադարան  =   Fundamental Scientific Library of NAS RA
Normal view MARC view

Entry Personal Name

Number of records used in: 1

001 - CONTROL NUMBER

  • control field: 8986

003 - CONTROL NUMBER IDENTIFIER

  • control field: AM-YEHGA

005 - DATE AND TIME OF LATEST TRANSACTION

  • control field: 20250618063807.0

008 - FIXED-LENGTH DATA ELEMENTS

  • fixed length control field: 040929 a|ac|n|aab||||||||||||a |n|||||||

040 ## - CATALOGING SOURCE

  • Original cataloging agency: AM-YEHGA

100 1# - HEADING--PERSONAL NAME

  • Personal name: Սիմոնյան, Տիգրան Աբրահամի,
  • Dates associated with a name: 1922-1992

400 1# - SEE FROM TRACING--PERSONAL NAME

  • Personal name: Симонян, Тигран Абрамович,
  • Dates associated with a name: 1922-1992

400 1# - SEE FROM TRACING--PERSONAL NAME

  • Personal name: Simonyan, Tigran Abrahami,
  • Dates associated with a name: 1922-1992

670 ## - SOURCE DATA FOUND

  • Source citation: Հայկական համառոտ հանրագիտարան, 2003 :
  • Information found: հ.4 (Սիմոնյան Տիգրան Աբրահամի (22.9.1922, Երևան - 7.9.1992, Երևան), նկարիչ։ ՀՍՍՀ վաստ. նկարիչ (1972))


ՀՀ ԳԱԱ հիմնարար գիտական գրադարան
ՀՀ,Երևան 0019
Մարշալ Բաղրամյան 24/6
հեռախոս:(374-10) 52-47-50
Հետադարձ կապ

All site content, except where otherwise noted, is licensed under a
Creative Commons License